000 00729nam a22002177a 4500
005 20230919153237.0
010 _aENG-138126
020 _a9789394122079
_c550.00
035 _aEN-121658
037 _bDBAD/PUB
082 _a004.678
100 _aPatra, P. Santosh Kumar
_956966
245 _aFundamentals of Internet of Things /
_cP. Santosh Kumar Patra ...[et.al]
260 _aHyderabad
_bM/s SevenHills International Publishers
_c2023
270 _a7-1-277/242, 4th Floor, Near BK Guda Park, S R Nagar
_bHyderabad
_e500038
300 _axvi, 304
_c25cm(pbk)
700 _aR. Santhosh Kumar
_956902
700 _aSri, G. Udaya
_956967
700 _aBasava, D.
_956968
942 _2ddc
_cEN
_h004.678
_mPAT
999 _c198376
_d198376